LEADER 01339nam0-22003611i-450- 001 990002585600403321 005 20061102124612.0 035 $a000258560 035 $aFED01000258560 035 $a(Aleph)000258560FED01 035 $a000258560 100 $a20030910d1994----km-y0itay50------ba 101 0 $aita 102 $aIT 105 $a--------001yy 200 1 $aRepertorio delle sedi della scuola di base [del] Comune di Napoli 1993-1994$fAssessorato all'Educazione del Comune di Napoli, Provveditorato agli Studi di Napoli, Dipartimento di Matematica e Statistica Università degli Studi di Napoli Federico 2. 210 $aNapoli$cCurto$d1994 215 $a48 p.$d29 cm 225 1 $aQuaderni dell'ODS$fComune di Napoli$v2 610 0 $aEducazione$aScuola dell'obbligo 610 0 $aEducazione$aEdifici 610 0 $aScienze sociali 676 $a371.6 712 01$aItalia :$bProvveditorato agli studi$c 712 01$aNapoli.$bAssessorato all'educazione 712 02$aUniversità degli studi di Napoli Federico II.$bDipartimento di matematica e statistica 801 0$aIT$bUNINA$gRICA$2UNIMARC 901 $aBK 912 $a990002585600403321 952 $aXXVII-B-18$b3592$fMAS 959 $aMAS 996 $aRepertorio delle sedi della scuola di base Comune di Napoli 1993-1994$9434888 997 $aUNINA LEADER 01025cam a2200289 i 4500 001 991001220499707536 008 110519s2010 it b 000 0 ita d 020 $a9788823014510 035 $ab13979942-39ule_inst 040 $aDip.to SSC$bita 082 04$a305.42 082 04$a320.5 100 1 $aRivera, Annamaria$0144272 245 13$aLa bella, la bestia e l'umano :$bsessismo e razzismo senza escludere lo specismo /$cAnnamaria Rivera 260 $aRoma :$bEdiesse,$cc2010 300 $a193 p. ;$c17 cm 440 0$a Sessismoerazzismo 650 4$aRazzismo$xAspetti sociali 650 4$aSesso e società$xdiscriminazione 650 4$aDonne$xDiscriminazione 650 0$aRace discrimination. 907 $a.b13979942$b02-04-14$c19-05-11 912 $a991001220499707536 945 $aLE021 SOC II 087$g1$i2021000186660$lle021$o-$pE12.00$q-$rl$s- $t0$u2$v0$w2$x0$y.i15276090$z31-05-11 996 $aBella, la bestia e l'umano$9246498 997 $aUNISALENTO 998 $ale021$b19-05-11$cm$da $e-$fita$git $h3$i0